000
00393nam a2200169Ia 4500
008
160105s9999 xx 000 0 und d
020
_a
978-2-553-01416-1
041
_a
fre
245
_a
Dictionnaire de l'agriculture
260
_a
Paris
260
_b
Librairie Larousse
260
_c
1984
654
_x
DICTIONNAIRE/FRANCAIS
942
_c
09
994
_a
109499
999
_c
9403
_d
37401